LEADER 01626nam a2200337 a 4500 001 000000107408 003 CaOOAMICUS 005 20071008102013.0 008 071008s2006 it 101 0dita d 020 $a88-0905-241-2 020 $z978-88-09-05240-6* 040 $aPUG$bita$dip$dPUL$dLDB 245 00$aIo sono l'altro degli altri :$bl'ebraismo e il destino dell'Occidente /$ca cura di Giuseppe Ruggieri. 260 $aFirenze :$bGiunti ;$aCatania :$bStudio teologico S. Paolo,$cc2006. 300 $a309 p. ;$c23 cm. 490 0 $aQuaderni del CeSIFeR ;$v004 490 1 $aQuaderni di Synaxis ;$v019 500 $aNumero XXIV/2(2006) della rivista quadrimestrale "Synaxis". 504 $aContiene riferimenti bibliografici. 650 14$aGiudaismo.$0(OLS)http://pul/subject/1627 700 1 $aRuggieri, Giuseppe.$0(OLS)http://pul/name/7192 830 0$aQuaderni di Synaxis ;$v019.$0(OLS)http://pul/title/20617 830 0$aCentro di studi interdisciplinari del fenomeno religioso.$pQuaderni ;$v004.$0(OLS)http://pul/title/135254 850 $aPUL 852 $aPUL$W1$xSL Religione 3$y85$m296 RUGGI 1$j122069$qDDC 21$B121057$CPULBib$Z2$F121057 $H105006 $82 941 1 $a9 996 $6020$a88-0905-241-2$9(OLS)http://pul/number/135792 996 $6020$z978-88-09-05240-6*$9(OLS)http://pul/number/135793 996 $6245$aIo sono l'altro degli altri :$bl'ebraismo e il destino dell'Occidente$9(OLS)http://pul/title/135253 996 $6260$aFirenze :$bGiunti$9(OLS)http://pul/publisher/64498 996 $6260$aCatania :$bStudio teologico S. Paolo$9(OLS)http://pul/publisher/79449 LEADER 01726nam a2200361 a 4500 001 000000167691 003 CaOOAMICUS 005 20180517093655.0 008 180517s2017 it u000 u ita r 020 $a978-88-343-3380-8* 032 $aLibriCat 040 $aPUL$bita 082 04$a306.87 245 03$aLa natura dell'umana generazione /$ca cura di Eugenia Scabini e Giovanna Rossi. 260 $aMilano :$bVita e pensiero,$c©2017. 300 $aXII, 184 p. ;$c22 cm. 490 1 $aStudi interdisciplinari sulla famiglia ;$v29 500 $aIn testa al front.: Universitą Cattolica del Sacro Cuore - Centro di Ateneo Studi e Ricerche sulla Famiglia. 504 $aInclude bibliografia di riferimento. 650 4$aFecondazione artificiale.$0(OLS)http://pul/subject/43650 650 4$aProcreazione artificiale.$0(OLS)http://pul/subject/19802 700 1 $aScabini, Eugenia.$0(OLS)http://pul/name/26590 700 1 $aRossi, Giovanna.$0(OLS)http://pul/name/39551 710 2 $aUniversitą Cattolica del Sacro Cuore$pCentro di Ateneo Studi e Ricerche sulla Famiglia.$0(OLS)http://pul/name/78528 830 0$aStudi interdisciplinari sulla famiglia ;$v29.$0(OLS)http://pul/title/47522 850 $aPUL 852 $aPUL$W1$xSL Diritto e Scienze Sociali 3$y79$m306. 87 SCAEU 1$j191464$qDDC 21$B195338$CPULBib$Z2$F195338 $H130770 $81 941 1 $a9 996 $6020$a978-88-343-3380-8*$9(OLS)http://pul/number/164047 996 $6082$a306.87$9(OLS)http://pul/classification/1992 996 $6245$aLa natura dell'umana generazione$9(OLS)http://pul/title/207790 996 $6260$aMilano :$bVita e pensiero$9(OLS)http://pul/publisher/48016